Nhân vật nữ trong truyện ngắm Ngô Thị Kim Cúc : Luận văn Thạc sĩ nghành Văn học Việt Nam
Luận văn này là tài liệu nghiên cứu về nhân vật nữ trong truyện ngắn Ngô Thị Kim Cúc, để góp phần nhận diện chân dung người phụ nữ đương đại
Bewaard in:
| Hoofdauteur: | |
|---|---|
| Formaat: | Boek |
| Taal: | Undetermined |
| Gepubliceerd in: |
Cần Thơ
Đại học Cần Thơ
2011
|
| Onderwerpen: | |
| Tags: |
Voeg label toe
Geen labels, Wees de eerste die dit record labelt!
|
| Thư viện lưu trữ: | Trung tâm Học liệu Trường Đại học Cần Thơ |
|---|
| LEADER | 01090nam a2200229Ia 4500 | ||
|---|---|---|---|
| 001 | CTU_171376 | ||
| 008 | 210402s9999 xx 000 0 und d | ||
| 082 | |a 895.92209 | ||
| 082 | |b H309 | ||
| 088 | |a 60220121 | ||
| 100 | |a Đinh, Thị Minh Hiếu | ||
| 245 | 0 | |a Nhân vật nữ trong truyện ngắm Ngô Thị Kim Cúc : | |
| 245 | 0 | |b Luận văn Thạc sĩ nghành Văn học Việt Nam | |
| 245 | 0 | |c Đinh Thị Minh Hiếu ; Phạm Thanh Hùng (Cán bộ hướng dẫn) | |
| 260 | |a Cần Thơ | ||
| 260 | |b Đại học Cần Thơ | ||
| 260 | |c 2011 | ||
| 520 | |a Luận văn này là tài liệu nghiên cứu về nhân vật nữ trong truyện ngắn Ngô Thị Kim Cúc, để góp phần nhận diện chân dung người phụ nữ đương đại | ||
| 650 | |a Women in literature,Truyện ngắn,Phụ nữ trong văn học,Short stories,Vietnamese | ||
| 650 | |x Việt Nam | ||
| 904 | |i Bé Hai, Trọng Hiếu | ||
| 980 | |a Trung tâm Học liệu Trường Đại học Cần Thơ | ||